[Event "jean stinkt"]
[Site "http://www.queenalice.com/game.php?id=157590"]
[Date "2007.1.22"]
[Round "-"]
[White "pr0n"]
[Black "pimpi"]
[Result "0-1"]
[WhiteElo "1232"]
[BlackElo "1888"]

1. d4 Nf6 2. e3 b6 3. c3 e6 4. Na3 Bxa3 5. bxa3 O-O 6. a4 c5 7. h4 d5 8. g3 Ba6
9. Bxa6 Nxa6 10. Ne2 Nc7 11. f4 Ne4 12. Ba3 Ne8 13. g4 Qc8 14. g5 N8d6 15. dxc5
Nc4 16. Qc1 bxc5 17. Rb1 Qa6 18. Rb5 Qxa4 19. Bxc5 Qxb5 20. Bxf8 Rxf8 21. O-O
Qa6 22. Qb1 Ncd2 23. Qb4 Qxe2 24. Qe7 Qxf1+ 25. Kh2 Nf3# 0-1

[Event "Challenge"]
[Site "http://www.queenalice.com/game.php?id=163412"]
[Date "2007.2.4"]
[Round "-"]
[White "luizpessoa"]
[Black "pimpi"]
[Result "0-1"]
[WhiteElo "1554"]
[BlackElo "1859"]

1. e4 e5 2. Nf3 Nc6 3. Bc4 Bc5 4. d3 Nf6 5. Ng5 O-O 6. Bxf7+ Rxf7 7. Nxf7 Kxf7
8. Be3 Bb4+ 9. c3 Be7 10. Bg5 Kg8 11. Nd2 d5 12. exd5 Qxd5 13. Nf3 Bf5 14. c4
Qxd3 15. Qxd3 Bxd3 16. b3 e4 17. Nd2 Nd4 18. Rc1 Ba3 19. Rc3 Bb2 20. Rxd3 exd3
21. O-O Re8 22. Rd1 Ne2+ 23. Kf1 Nc3 24. Re1 Rxe1+ 25. Kxe1 Nxa2 26. Nb1 Ne4 27.
Bd2 Bd4 28. Be3 Bxe3 29. fxe3 Nb4 30. Nd2 Nc2+ 31. Kd1 Nc3+ 32. Kc1 Ne2+ 33. Kb2
Nxe3 34. g3 c5 35. Ne4 Nf1 36. h4 d2 37. Kc2 Nd4+ 38. Kd1 Nxb3 39. Ke2 h5 40.
Nf2 Nxg3+ 41. Kd3 a5 0-1

[Event "Let's Play Chess!"]
[Site "http://www.queenalice.com/game.php?id=165237"]
[Date "2007.2.10"]
[Round "-"]
[White "Moe"]
[Black "pimpi"]
[Result "0-1"]
[WhiteElo "1952"]
[BlackElo "1869"]

1. e4 c5 2. Nf3 Nc6 3. b3 Nf6 4. d3 e6 5. Bb2 d5 6. exd5 exd5 7. Be2 Bd6 8. d4
Nxd4 9. Nxd4 cxd4 10. Bxd4 O-O 11. O-O Ne4 12. Nd2 Qc7 13. Nf3 Bg4 14. Qd3 Bxf3
15. Bxf3 Bxh2+ 16. Kh1 Qd6 17. g3 Bxg3 18. Bxe4 dxe4 19. Qxe4 Qh6+ 20. Kg2 Rfe8
21. Qg4 Be5 22. Be3 Qh2+ 23. Kf3 Bxa1 24. Bf4 h5 25. Qf5 Re5 26. Bxe5 Bxe5 27.
Re1 Bd4 28. Ke2 Qg2 29. Qxh5 Qxf2+ 30. Kd1 Rd8 0-1

[Event "Challenge"]
[Site "http://www.queenalice.com/game.php?id=166323"]
[Date "2007.2.10"]
[Round "-"]
[White "scalp"]
[Black "pimpi"]
[Result "0-1"]
[WhiteElo "1674"]
[BlackElo "1890"]

1. d4 Nf6 2. Nc3 d5 3. Bf4 e6 4. Nb5 Na6 5. e3 c6 6. Nc3 Qb6 7. b3 Bb4 8. Qd3
Ne4 9. Ne2 Qa5 10. O-O-O Nxf2 11. Qd2 Nxh1 12. Qe1 Nc7 13. Qh4 Bxc3 14. Bd6 f6
15. Qh5+ Kd7 16. Nxc3 Qxc3 17. Ba3 Qxe3+ 18. Kb1 g6 19. Qh4 Qf2 20. Qh6 Ne8 21.
Qh3 Kd8 22. Qc3 Bd7 23. Qc5 Qg1 24. Qe7+ Kc7 25. b4 Nf2 26. Re1 Ne4 27. b5 Nd2+
28. Kc1 Nxf1 29. Rxe6 Ne3+ 30. Kd2 Nc4+ 31. Kc3 Nxa3 0-1

[Event "Challenge"]
[Site "http://www.queenalice.com/game.php?id=166326"]
[Date "2007.2.10"]
[Round "-"]
[White "Blackangel"]
[Black "pimpi"]
[Result "0-1"]
[WhiteElo "1950"]
[BlackElo "1971"]

1. e4 c6 2. Nf3 d5 3. exd5 cxd5 4. d4 Nf6 5. Nc3 e6 6. a3 Be7 7. Bb5+ Nbd7 8.
O-O O-O 9. Ne2 Qc7 10. Bf4 Qb6 11. Bxd7 Bxd7 12. Ne5 Qxb2 13. Rb1 Qxa3 14. Rxb7
Bc8 15. Rb3 Qa6 16. h4 Ne4 17. Ng3 f6 18. Ng4 Nd6 19. Nh5 Nf5 20. Ne3 Nxh4 21.
Bg3 Ng6 22. Nf4 Nxf4 23. Bxf4 Qa4 24. Kh2 a5 25. Rh1 Qe8 26. Kg1 a4 27. Rb2 Qg6
28. Qf3 a3 29. Ra2 Ra4 30. Rh3 Rxd4 31. Rg3 Qe4 32. Bh6 Rf7 33. Qh5 Ba6 34. Nf1
Qe1 35. Kh2 Bxf1 36. Ra1 Qxa1 37. Bxg7 Bd6 38. Bxf6+ Bxg3+ 39. fxg3 Rxf6 40.
Qe8+ Kg7 41. Qd7+ Kh6 0-1

[Event "Challenge"]
[Site "http://www.queenalice.com/game.php?id=166519"]
[Date "2007.2.10"]
[Round "-"]
[White "Bitencourt"]
[Black "pimpi"]
[Result "0-1"]
[WhiteElo "1100"]
[BlackElo "1867"]

1. Nf3 d5 2. d4 Nf6 3. e3 Bf5 4. c4 c6 5. Nc3 e6 6. Nh4 Bg6 7. Nxg6 hxg6 8. Bd3
Bd6 9. O-O Bxh2+ 10. Kh1 Ne4 11. Nxe4 Bc7+ 12. Kg1 Rh1+ 0-1

[Event "Remis bis ;-)"]
[Site "http://www.queenalice.com/game.php?id=167323"]
[Date "2007.2.12"]
[Round "-"]
[White "pimpi"]
[Black "bibicari"]
[Result "0-1"]
[WhiteElo "1910"]
[BlackElo "1978"]

1. e4 e6 2. d4 d5 3. Nc3 Bb4 4. e5 c5 5. a3 Bxc3+ 6. bxc3 Ne7 7. Nf3 Nbc6 8. Be2
Qa5 9. Bd2 O-O 10. O-O c4 11. Qc1 f6 12. exf6 Rxf6 13. Re1 Bd7 14. Bg5 Rf7 15.
Rb1 b5 16. Qb2 Nf5 17. Nh4 Nd6 18. Bf3 a6 19. Bh5 g6 20. Bf3 Raf8 21. Re2 Kg7
22. Rbe1 h6 23. Rxe6 Bxe6 24. Rxe6 hxg5 25. Rxg6+ Kh7 26. Rxg5 Ne4 27. Rxd5 Nxc3
28. Rh5+ Kg8 29. Rg5+ Rg7 30. Rxg7+ Kxg7 31. Bxc6 Ne2+ 32. Kf1 Qd2 33. f3 Nc3
34. Qxc3 Qxc3 35. Be4 Qxd4 36. Nf5+ Rxf5 37. Bxf5 Qa1+ 38. Kf2 Qxa3 39. g4 Qc1
40. h4 Qf4 41. Be4 Qh2+ 42. Ke3 Qxh4 43. Kd4 Qf2+ 44. Kd5 Qb6 45. Bf5 a5 46. Ke4
a4 47. g5 a3 48. Kf4 a2 0-1

[Event "Challenge"]
[Site "http://www.queenalice.com/game.php?id=167629"]
[Date "2007.2.12"]
[Round "-"]
[White "Bitencourt"]
[Black "pimpi"]
[Result "0-1"]
[WhiteElo "1194"]
[BlackElo "1923"]

1. Nf3 Nf6 2. Nc3 d5 3. g3 e6 4. Bg2 Be7 5. O-O O-O 6. d4 b6 7. Ne5 Bb7 8. Re1
Nbd7 9. Nxd7 Qxd7 10. e4 dxe4 11. Nxe4 Bxe4 12. Bxe4 Rad8 13. c3 c5 0-1

[Event "Challenge"]
[Site "http://www.queenalice.com/game.php?id=169660"]
[Date "2007.2.16"]
[Round "-"]
[White "pickles"]
[Black "pimpi"]
[Result "0-1"]
[WhiteElo "1829"]
[BlackElo "1897"]

1. e4 e5 2. Nf3 Nc6 3. d4 exd4 4. Nxd4 Bc5 5. Be3 Qf6 6. c3 Nge7 7. Bc4 Ne5 8.
Be2 Qg6 9. O-O d6 10. f3 O-O 11. Kh1 d5 12. Nd2 dxe4 13. fxe4 Bg4 14. Bxg4 Nxg4
15. Bf4 Rad8 16. h3 Bxd4 17. cxd4 Nf6 18. Bxc7 Rxd4 19. Be5 Rd3 20. Bxf6 gxf6
21. Rf3 Rfd8 22. Rxd3 Rxd3 23. Qe2 Rd7 24. Nf3 Nc6 25. Re1 Qg3 26. Rd1 Re7 27.
Qd3 Re6 28. Qd5 Qf4 29. Re1 a6 30. a3 b5 31. b3 Rd6 32. Qc5 Re6 33. Kg1 Qg3 34.
Rd1 Qf4 35. b4 Qxe4 36. Re1 Qc4 37. Rc1 Qd3 38. Rc3 Qe4 39. Qb6 Ne5 40. Qd8+ Kg7
41. Qc7 Qf4 42. Qd8 Rd6 43. Qa8 Qg3 44. Kf1 Rd1+ 45. Ke2 Ra1 46. Ke3 Re1+ 0-1

[Event "Challenge"]
[Site "http://www.queenalice.com/game.php?id=169728"]
[Date "2007.2.16"]
[Round "-"]
[White "gummino"]
[Black "pimpi"]
[Result "1-0"]
[WhiteElo "2183"]
[BlackElo "1959"]

1. e4 e5 2. Nf3 Nc6 3. Nc3 Nf6 4. Bb5 Bb4 5. O-O O-O 6. d3 d6 7. Bg5 Bxc3 8.
bxc3 Qe7 9. Re1 Nd8 10. d4 Ne6 11. Bc1 c5 12. a4 Rd8 13. Bf1 Bd7 14. d5 Nf8 15.
Qd3 Ng6 16. g3 Qe8 17. Bg5 Bxa4 18. h4 Bd7 19. Bxf6 gxf6 20. Nd2 Bg4 21. Reb1
Rdb8 22. Be2 Qd7 23. f3 Bh3 24. h5 Ne7 25. Qe3 Kh8 26. g4 f5 27. Qg5 Ng8 28.
exf5 Qe7 29. Ne4 f6 30. Qh4 Bxg4 31. fxg4 h6 32. Ra2 Kg7 33. Rba1 a6 34. c4 Kf8
35. Qe1 Qc7 36. Ra3 Ra7 37. Nc3 Raa8 38. Qh4 Ke8 39. Ne4 Qd8 40. Qe1 Ra7 41. Qc3
Ke7 42. Kg2 Qc7 43. Qd2 Rba8 44. Qe3 a5 45. Ra4 Kd8 46. Rb1 Qd7 47. Qb3 Ke7 48.
Ra3 Qc7 49. Qa4 Rd8 50. Qb5 Rd7 51. Rba1 b6 52. Rb1 Rb7 53. Qb2 Qd8 54. Rb3 a4
55. Ra3 Qa8 56. Rba1 Qb8 57. Rxa4 Qd8 58. Qb5 Kf7 59. Ra8 Qc7 60. g5 fxg5 61. f6
Rd8 62. Rxd8 Qxd8 63. Qc6 Qd7 64. Nxd6+ Kxf6 65. Rf1+ Kg7 66. Nxb7 Qxc6 67. dxc6
Kh8 68. c7 1-0

[Event "Challenge"]
[Site "http://www.queenalice.com/game.php?id=173376"]
[Date "2007.2.24"]
[Round "-"]
[White "moonspell"]
[Black "pimpi"]
[Result "0-1"]
[WhiteElo "2038"]
[BlackElo "1973"]

1. d4 Nf6 2. Nf3 e6 3. e3 c5 4. Bd3 d5 5. b3 Nc6 6. a3 Be7 7. Bb2 cxd4 8. exd4
O-O 9. O-O Qd6 10. Nbd2 Qf4 11. Re1 Bd7 12. Ne5 Nxe5 13. dxe5 Ng4 14. Nf3 Bc5
15. Rf1 Nh6 16. h3 Bc6 17. Bc1 Qg3 18. Qe2 Nf5 19. Kh1 Qg6 20. Nh4 Ng3+ 21. fxg3
Qxg3 22. Rf4 Kh8 23. Rg4 Qf2 24. Qxf2 Bxf2 25. Bb2 h5 26. Rf4 Bg3 27. Rd4 Bxe5
28. Nf3 Bxd4 29. Nxd4 Bd7 30. a4 e5 31. Nb5 Bxb5 32. Bxb5 a6 33. Be2 h4 34. Re1
f6 35. Kg1 Rfc8 36. c4 d4 37. Bd3 Rc6 38. Rc1 Rb6 39. Bc2 a5 40. Ba3 Rd8 41. c5
Rc6 42. Rd1 Rc7 43. Kf2 b6 44. b4 axb4 45. Bxb4 Rb8 46. c6 Rxc6 47. Be4 Rc4 48.
Rb1 Rbc8 49. Ke2 Rc1 50. Rb3 Ra1 51. Bd2 Rxa4 52. Rxb6 Ra2 53. Kd1 Rd8 54. Ke2
Rf8 55. Bd5 Ra7 56. Bb4 Rd8 57. Be4 Kg8 58. Bd3 Kf7 59. Bc4+ Kg6 60. Bd3+ Kh5
61. Bd2 Rc8 62. Be4 Rd8 63. Kd3 Ra3+ 64. Ke2 Ra7 65. Kd3 Rc7 66. Ke2 Re7 67. Ra6
Rb8 68. Kd3 Rc7 0-1

[Event "Challenge"]
[Site "http://www.queenalice.com/game.php?id=173377"]
[Date "2007.2.24"]
[Round "-"]
[White "moonspell"]
[Black "pimpi"]
[Result "1-0"]
[WhiteElo "2023"]
[BlackElo "1986"]

1. d4 d5 2. Nf3 Nf6 3. e3 e6 4. Bd3 c5 5. b3 Nc6 6. a3 Be7 7. Bb2 cxd4 8. exd4
Qa5+ 9. b4 Qc7 10. Nbd2 O-O 11. O-O Bd6 12. Re1 Ng4 13. b5 Bxh2+ 14. Kf1 Ne7 15.
Nxh2 Nxh2+ 16. Kg1 f5 17. Rc1 Ng4 18. Nf3 Qd6 19. Qd2 Re8 20. c4 dxc4 21. Bxc4
Bd7 22. Qe2 Ng6 23. Ne5 N6xe5 24. dxe5 Qe7 25. Rc3 Red8 26. Rh3 Rac8 27. a4 Nxf2
28. Bxe6+ Bxe6 29. Qxf2 Qb4 30. Rh4 Qa5 31. Re2 Rc4 32. Rxc4 Bxc4 33. Re1 Qxa4
34. e6 Qb4 35. Qh4 Rd1 36. Rxd1 Qc5+ 37. Qd4 Qxd4+ 38. Rxd4 Bxe6 39. Rd8+ Kf7
40. Ra8 Bd5 41. Rxa7 g5 42. Ra8 f4 43. Rd8 Be6 44. Rd6 h5 45. Rb6 Bc8 46. Be5 f3
47. gxf3 g4 48. f4 h4 49. Rh6 Bd7 50. b6 Ke7 51. Rxh4 Bf5 52. Rh6 Be4 53. Kf2
Bd3 54. Ke3 Bc4 55. Rh7+ Bf7 56. Rg7 Ke8 57. Rxg4 Be6 58. Rg7 Bd7 59. Kd4 Bc6
60. f5 1-0

[Event "Challenge"]
[Site "http://www.queenalice.com/game.php?id=175585"]
[Date "2007.3.1"]
[Round "-"]
[White "rubon"]
[Black "pimpi"]
[Result "0-1"]
[WhiteElo "1360"]
[BlackElo "1952"]

1. e4 c6 2. Nc3 d5 3. d4 dxe4 4. Nxe4 Bf5 5. Bg5 Bxe4 6. Bc4 Bxg2 7. Qh5 g6 8.
Qe2 Bxh1 9. f4 Qxd4 10. Rd1 Qxg1+ 11. Kd2 Qg2 12. Kc1 Qxe2 13. Bxe2 Bg2 14. Bg4
f6 15. Bh4 Bh6 16. Rg1 Bxf4+ 17. Kb1 Bd5 18. b3 Bxh2 19. Rd1 f5 20. Be2 Nf6 21.
Re1 Nbd7 22. Bg5 Ne4 23. Bh6 Nc3+ 24. Kb2 Nxe2 25. Rxe2 Bc7 26. Bg5 e5 27. c4
Bf3 28. Re3 e4 29. b4 h6 30. Bh4 Nb6 31. Kb3 Bd1+ 32. Kc3 Be5+ 33. Kd2 Nxc4+ 34.
Kxd1 Nxe3+ 35. Ke2 Ng2 36. Bf2 O-O-O 37. Bxa7 Bg3 38. Kf1 Nf4 39. a4 Rd1# 0-1

[Event "Challenge"]
[Site "http://www.queenalice.com/game.php?id=175850"]
[Date "2007.3.1"]
[Round "-"]
[White "blikinn"]
[Black "pimpi"]
[Result "0-1"]
[WhiteElo "1938"]
[BlackElo "1925"]

1. e4 c6 2. Nf3 d5 3. exd5 cxd5 4. d4 Nf6 5. h3 e6 6. Bg5 Qb6 7. b3 Ne4 8. c4
Nxg5 9. Nxg5 dxc4 10. Nf3 Bb4+ 11. Ke2 cxb3 12. Qxb3 Nc6 13. Qd3 O-O 14. Nc3 Rd8
15. a3 Nxd4+ 16. Nxd4 Rxd4 17. Qe3 Bxc3 18. Qxc3 Bd7 19. g3 Rc8 0-1

[Event "Challenge"]
[Site "http://www.queenalice.com/game.php?id=175851"]
[Date "2007.3.1"]
[Round "-"]
[White "pimpi"]
[Black "blikinn"]
[Result "1-0"]
[WhiteElo "1954"]
[BlackElo "1986"]

1. c4 e5 2. Nc3 Nf6 3. Nf3 Nc6 4. g3 g6 5. d4 exd4 6. Nxd4 Ne5 7. Qa4 Bg7 8.
Ndb5 O-O 9. Nxa7 Nxc4 10. Qxc4 Rxa7 11. Nb5 Ra6 12. Qxc7 Qxc7 13. Nxc7 Rb6 14.
Bg2 d6 15. a4 Rb4 16. O-O b6 17. Rd1 Rd8 18. Bg5 Be6 19. Nxe6 fxe6 20. Bh3 Kf7
21. Ra2 Rd7 22. Bd2 Rb3 23. Be3 Ne4 24. Bg2 Rb4 25. Bxb6 Nc3 26. bxc3 Rxb6 27.
c4 Ra6 28. c5 d5 29. e4 d4 30. Bf1 Ra8 31. Bb5 Rc7 32. c6 Ra5 33. f4 e5 34. Rb2
Ke7 35. fxe5 Bxe5 36. Rf1 Kd6 37. Rf8 Kc5 38. Rd8 Rxb5 39. Rxb5+ Kxc6 40. Rxe5
1-0

[Event "Challenge"]
[Site "http://www.queenalice.com/game.php?id=177129"]
[Date "2007.3.4"]
[Round "-"]
[White "bibicari"]
[Black "pimpi"]
[Result "0-1"]
[WhiteElo "1975"]
[BlackElo "1942"]

1. e4 e5 2. f4 exf4 3. Nf3 g5 4. Bc4 Bg7 5. O-O d6 6. d4 h6 7. c3 Nc6 8. g3 Bh3
9. gxf4 Qd7 10. Rf2 Nf6 11. Qe1 O-O-O 12. d5 Na5 13. Bd3 gxf4 14. Bxf4 Qg4+ 15.
Bg3 Nh5 16. Nbd2 Nxg3 17. hxg3 Qxg3+ 18. Kh1 Bg4 19. Qe3 Be5 20. Qxa7 Bxf3+ 21.
Nxf3 Qh3+ 22. Nh2 Qxd3 23. Qxa5 Bxh2 24. Kxh2 Qxe4 25. Raf1 Qh4+ 26. Kg1 Rhg8+
27. Rg2 Rxg2+ 28. Kxg2 Rg8+ 29. Kf3 Rg3+ 0-1

[Event "AUTO-INT-266"]
[Site "http://www.queenalice.com/game.php?id=255131"]
[Date "2007.8.13"]
[Round "2"]
[White "rodolfomaiche"]
[Black "pimpi"]
[Result "0-1"]
[WhiteElo "1747"]
[BlackElo "2002"]

1. d4 Nf6 2. Nc3 d5 3. e3 e6 4. a3 Be7 5. g3 O-O 6. Nf3 b6 7. Bg2 Ba6 8. Nd2 c5
9. b4 cxb4 10. Ne2 Qc7 11. O-O Bxe2 12. Qxe2 Qxc2 13. e4 Nc6 0-1

[Event "AUTO-INT-266"]
[Site "http://www.queenalice.com/game.php?id=255132"]
[Date "2007.8.13"]
[Round "2"]
[White "pimpi"]
[Black "kako"]
[Result "1-0"]
[WhiteElo "2000"]
[BlackElo "1536"]

1. e4 e5 2. Nf3 Nc6 3. Bb5 a6 4. Ba4 Bc5 5. O-O Bd6 6. Bxc6 dxc6 7. d4 Qe7 8.
dxe5 Bxe5 9. Qd2 Nh6 10. Nxe5 Qxe5 11. Qf4 Qe7 12. Qg3 O-O 13. Bxh6 Qf6 14. Bf4
Qxb2 15. Be5 Qxe5 16. Qxe5 Be6 17. Qxc7 Ra7 18. Rd1 g6 19. Rd8 Ra8 20. Rxa8 Rxa8
21. Qxb7 Rd8 22. Nc3 Bd7 23. Rd1 Rf8 24. Rxd7 Kg7 25. Qxa6 Re8 26. Qb7 Rf8 27.
e5 Kh6 28. Rxf7 Re8 29. Qd7 Rxe5 30. Rxh7+ Kg5 31. h4+ 1-0

[Event "AUTO-INT-266"]
[Site "http://www.queenalice.com/game.php?id=255133"]
[Date "2007.8.13"]
[Round "2"]
[White "kako"]
[Black "pimpi"]
[Result "0-1"]
[WhiteElo "1538"]
[BlackElo "1998"]

1. d4 Nf6 2. Nc3 d5 3. Bf4 e6 4. Nf3 Be7 5. e3 O-O 6. Nb5 Na6 7. Bd3 c6 8. Nc3
Qb6 9. Rb1 Nb4 10. Be2 Qa5 11. a3 Na2 12. O-O Nxc3 13. bxc3 Ne4 14. Rb3 Nxc3 15.
Qd2 Nxe2+ 16. Qxe2 b6 17. Qd1 Ba6 18. Re1 Bc4 19. Rb1 Qxa3 20. Kh1 f6 21. Nd2
Qc3 22. Nf3 Rfc8 23. Nd2 Bb4 24. Nf3 g5 25. Bg3 g4 26. Ng1 f5 27. Ne2 Qxe1+ 28.
Qxe1 Bxe1 29. Rxe1 Bxe2 30. Rxe2 a5 31. Bh4 a4 0-1

[Event "Challenge"]
[Site "http://www.queenalice.com/game.php?id=301306"]
[Date "2007.11.9"]
[Round "-"]
[White "stoyan1"]
[Black "pimpi"]
[Result "0-1"]
[WhiteElo "1856"]
[BlackElo "2008"]

1. e4 e5 2. Nf3 Nc6 3. Bc4 Bc5 4. d3 Nf6 5. O-O d6 6. Bg5 Na5 7. Nbd2 O-O 8. a3
Nxc4 9. Nxc4 a6 10. Bxf6 Qxf6 11. b4 Ba7 12. Ne3 Be6 13. c3 c6 14. d4 Qf4 15. g3
Qxe4 16. Re1 exd4 17. Nxd4 Rae8 18. Nef5 Qd5 19. Ne3 Qg5 20. h4 Qf6 21. Rc1 Bh3
22. Kh2 Qxf2+ 23. Kxh3 Rxe3 24. Rxe3 Qxe3 25. Nf5 Qe6 26. g4 g6 27. Ng3 f5 28.
gxf5 gxf5 29. Kh2 f4 30. Nh5 f3 31. Qd2 Be3 32. Re1 Qg4 33. Rxe3 Qxh4+ 34. Kg1
f2+ 0-1

[Event "Challenge"]
[Site "http://www.queenalice.com/game.php?id=325593"]
[Date "2007.12.25"]
[Round "-"]
[White "stoyan1"]
[Black "pimpi"]
[Result "0-1"]
[WhiteElo "1822"]
[BlackElo "2018"]

1. e4 c5 2. Nf3 e6 3. c3 d5 4. e5 Nc6 5. Bb5 Bd7 6. Bxc6 Bxc6 7. d4 cxd4 8. Nxd4
Ne7 9. Bf4 Bd7 10. Nd2 Ng6 11. Bg3 Qb6 12. Qc2 Be7 13. h3 Qa6 14. a3 O-O 15. a4
f5 16. f4 Rfc8 17. Qb1 Nh4 18. Rg1 Rf8 19. Bxh4 Bxh4+ 20. g3 Be7 21. b4 Rac8 22.
Qb2 Qd3 23. Rc1 Qe3+ 24. Ne2 Bxa4 25. Nf1 Qe4 26. Nd2 Qd3 27. g4 Bh4+ 28. Kf1
fxg4 29. hxg4 Rxf4+ 0-1